Сърдечна кохерентност 365 (Запис номер 474836)
[ съкратено ]
| 000 -Лидер | |
|---|---|
| Контролно поле с фиксирана дължина | 01736nam a2200397 a 4500 |
| 003 - Код на организацията, давaща контролен номер | |
| Контролно поле | BLK |
| 005 - Дата и час на последна редакция | |
| Контролно поле | 20241028115732.0 |
| 008 - Елементи от данни с фиксирана дължина | |
| fixed length control field | 221004b bul|||||r ||||||| ||bul|| |
| 010 ## - Наследен системен номер | |
| LC control number | KNG00163263000 |
| 020 ## - Международен стандартен номер на книга ISBN | |
| Международен стандартен номер на книга ISBN | 9786190210849 |
| 040 ## - Източник на каталожния запис | |
| Идентификатор на билиотеката - собственик на записа | BLK |
| 041 ## - Код за език | |
| Код за езика на текст/звукозапис или на отделно заглавие | Български |
| Код за езика КДБФ | Български |
| 080 ## - УДК | |
| Текстов определител УДК | Лечебна физкултура. Гимнастика на йогите. Даоистки техники за самолечение |
| УДК код - определител по УДК | 615.825.1 |
| УДК определител | (035) |
| УДК - код + определител | 615.825.1(035) |
| 100 ## - Редна дума - Автор | |
| Автор | О'Хер, Давид |
| Авторска отговорност | първи автор |
| R(LIN) | 481341 |
| 139 ## - Редно поле | |
| Редна дума | О'Хер, Давид |
| Авторски знак | Ох - О 97 |
| 245 ## - Сведения за заглавието | |
| Заглавие | Сърдечна кохерентност 365 |
| Подзаглавни данни | Ръководство по сърдечна кохерентност ден сред ден |
| Редно поле (дума) | Давид О'Хер; прев. от фр. Румяна Мл. Станчева |
| 257 ## - Страна на издаване | |
| Страна на създаване/издаване | Франция |
| 260 ## - Област на издателските данни | |
| Място на издаване, разпространение и проч. | София |
| Име на издателя, разпространителя и проч. | Колибри |
| Година на издаване | 2022 |
| Печатница | София : Инвестпрес |
| 9 (RLIN) | 209486 |
| Издателство - префикс ISBN | 978-619-02- ; 978-619-150- ; 978-954-150- ; 978-954-529- |
| 300 ## - Физическа характеристика | |
| Страници | 112 с. |
| Илюстрации и др. | с ил. |
| Размери/Мащаб | 20 см |
| 380 ## - Жанр | |
| Жанр | Медицина |
| 500 ## - Общи забележки | |
| Забележка | Ориг. загл.: Cohérence cardiaque 365. - Бележка за автора: с. 111. |
| 650 #0 - Допълнително описание по предмет – тема | |
| Основно описание – тема или топоним | Дишане |
| 9 (RLIN) | 262326 |
| 650 #4 - Допълнително описание по предмет – тема | |
| Основно описание – тема или топоним | Гимнастика, дихателна |
| 9 (RLIN) | 276169 |
| 653 ## - Ключова дума – ненормативна | |
| Ключова дума | дишане |
| 653 ## - Ключова дума – ненормативна | |
| Ключова дума | гимнастика |
| 653 ## - Ключова дума – ненормативна | |
| Ключова дума | дихателна гимнастика |
| 700 ## - Други автори (авторска отговорност) | |
| Лично име | Станчева, Румяна Младенова |
| Автороска отговорност (Описва отношението между автора и произведението) | прев. от фр. |
| 9 (RLIN) | 286449 |
| 852 ## - Местоположение | |
| Форматна сигнатура | Цб 315169 |
| Фондова буква | Хранилище |
| 856 4# - Електронен адрес и достъп | |
| Електронен формат | pdf - файл |
| Инструкция (цена за достъп) | 0.00 |
| Права за достъп | disable |
| 856 4# - Електронен адрес и достъп | |
| Електронен формат | pdf - файл |
| Инструкция (цена за достъп) | 0.00 |
| Права за достъп | disable |
| 999 ## - СИСТЕМНИ КОНТРОЛНИ НОМЕРА | |
| Koha biblionumber | 474836 |
| Koha biblioitemnumber | 474836 |
| 942 ## - АРТИКУЛИ | |
| Вид на библиотечния материал | Книги |
| Скрит в OPAC | Не |
| Периодичен библиозапис | Да |
| Koha issues (borrowed), all copies | 4 |
| 944 ## - СЪЗДАВАНЕ И РЕДАКЦИЯ на ЗАПИСА | |
| Създаване/Редакция | Създаване |
| Дата на регистрацията/редакция | 2022-10-04 |
| Служител, извършил регистрацията/редакцията | 30560 |
| Статус, дата на статуса | Геновева Генчева |
| 944 ## - СЪЗДАВАНЕ И РЕДАКЦИЯ на ЗАПИСА | |
| Създаване/Редакция | Редакция |
| Служител, извършил регистрацията/редакцията | Кети |
| 999 ## - СИСТЕМНИ КОНТРОЛНИ НОМЕРА | |
| Koha biblioitemnumber | 474836 |
| 999 ## - СИСТЕМНИ КОНТРОЛНИ НОМЕРА | |
| Koha biblioitemnumber | 474836 |
| Код за отписване | Код за изгубен артикул | Източник на класификационната схема | Код за повреда | Код за отдаване | Артикулен № | Име на библиотеката - собственик | Име на библиотеката, в която се намира в момента | Статус (Текущо местоположение) | Дата на вписване в системата | Местоположение - отдел | Цена в лева | Систематично азбучна сигнатура | Баркод | Цена в евро | Служебен тип на артикула | Коз за рестрикции |
|---|---|---|---|---|---|---|---|---|---|---|---|---|---|---|---|---|
| Не е изгубен | Universal Decimal Classification | Не е повреден | заемане за дома | 906298 | Регионална библиотека "Любен Каравелов" Русе | Регионална библиотека "Любен Каравелов" Русе | Заемна - подръчен фонд | 2022-10-04 | Заемна - подръчен фонд | 9.80 | 615.82/О 97 Д | 120000877889 | 5.01 | Книги | ||
| Не е изгубен | Universal Decimal Classification | Не е повреден | ползва се в читалня | 919755 | Регионална библиотека "Любен Каравелов" Русе | Регионална библиотека "Любен Каравелов" Русе | Хранилище | 2022-12-15 | Хранилище | 14.00 | Цб 315169 | 120000879724 | 7.16 | Книги | само за читалня |